Central Library OPAC University of Rajshahi

Conversations with children / (Record no. 30015)

MARC details
000 -LEADER
fixed length control field 00904cam a22002771 4500
001 - CONTROL NUMBER
control field 30015
003 - CONTROL NUMBER IDENTIFIER
rucl marc code BD-RjUL
005 - DATE AND TIME OF LATEST TRANSACTION
control field 20211209051510.0
008 - FIXED-LENGTH DATA ELEMENTS--GENERAL INFORMATION
fixed length control field 140408s1936 enk 001 0 engx
035 ## - SYSTEM CONTROL NUMBER
System control number (BD-RjUL)30100
System control number (OCoLC)1888003
040 ## - CATALOGING SOURCE
Original cataloging agency DLC
Transcribing agency NHemH
Modifying agency NHemH
-- DLC
-- BD-RjUL
Language of cataloging eng
041 1# - LANGUAGE CODE
Language code of text/sound track or separate title engger
082 ## - DEWEY DECIMAL CLASSIFICATION NUMBER
Classification number 136.7
Author mark and year KAC 1936
100 1# - MAIN ENTRY--PERSONAL NAME
Personal name Katz, David,
Dates associated with a name 1884-1953.
9 (RLIN) 89350
245 10 - TITLE STATEMENT
Title Conversations with children /
Statement of responsibility, etc. by David Katz and Rosa Katz. [Translated from the German by Herbert S. Jackson]
260 ## - PUBLICATION, DISTRIBUTION, ETC. (IMPRINT)
Place of publication, distribution, etc. London :
Name of publisher, distributor, etc. K. Paul, Trench, Trubner,
Date of publication, distribution, etc. 1936.
300 ## - PHYSICAL DESCRIPTION
Pagination xii, 318 p. ;
Size 23 cm.
500 ## - GENERAL NOTE
General note Omits thirteen talks included in the German ed.
650 #0 - SUBJECT ADDED ENTRY--TOPICAL TERM
Topical term or geographic name as entry element Child study.
9 (RLIN) 89626
Topical term or geographic name as entry element Children
Form subdivision Quotations.
9 (RLIN) 91306
700 1# - ADDED ENTRY--PERSONAL NAME
Personal name Katz, Rosa Heine,
Dates associated with a name 1885-
Relator term joint auth.
942 ## - ADDED ENTRY ELEMENTS (KOHA)
Source of classification or shelving scheme Dewey Decimal Classification
Koha item type Books
Holdings
Lost status Source of classification or shelving scheme Damaged status Not for loan Permanent Location Current Location Shelving location Date acquired Source of acquisition Cost, normal purchase price Total Checkouts Full call number Date last seen Copy number Koha item type
  Dewey Decimal Classification   Added to bundle Central Library, University of Rajshahi Central Library, University of Rajshahi Reading Room 10/09/1955 B. H. Blackwell 15.00   136.7 KAC 1936 08/04/2014 C-1 Books